000
00392nam a22001697a 4500
003
MPLRDC
005
20220104144126.0
008
210129b ||||| |||| 00| 0 eng d
082
_a
877 AMQS c.9
100
_a
亚米契斯
245
_a
爱的教育
_c
250
_a
初版
260
_a
_b
香港启明书局
_c
300
_b
平
650
_a
意大利文学
942
_c
BK
_o
877 AMQS c.9
999
_c
46617
_d
46607